000 00749nam a2200241Ia 4500
003 OSt
005 20220923214830.0
006 a|||||r|||| 00| 0
007 ta
008 220922b |||||||| |||| 00| 0 hin d
024 _a173,144
037 _cTextual
040 _aARTS
_cARTS
_bhin
041 _2hin
_ahin
082 _aO152,3NSH14,PK, L1
100 _aशून्य, हर नारायण
_9158590
245 0 _aपर्वत के पंख
246 _aParvat ke pankha
260 _aदिल्ली
_b जीवन ज्योति प्र0
_c1971
300 _a38पृ.
_ccm.
942 _hO152,3NSH14,PK, L1
_cTEXL
_2CC
999 _c327051
_d327051